Turkish football players who played in the Ligue 1.. - Statistics

General Stats
  • This quiz has been taken 51 times
  • The average score is 6 of 19
Answer Stats
Hint Answer % Correct
Lille Burak Yilmaz
94%
Lille Yusuf Yazici
86%
Lille Zeki Celik
84%
Sochaux - PSG - Rennes - Saint-Étienne - Guingamp - Metz Mevlut Erdinc
70%
Olympique Marseille Cengiz Under
66%
Toulouse Umut Bulut
44%
Rennes Dogan Alemdar
28%
Lorient - Nimes Olympique Umut Bozok
20%
Olympique Marseille Yusuf Sari
18%
Montpellier Hasan Kabze
10%
Lille Engin Verel
8%
PSG Metehan Guclu
8%
Grenoble Foot - Stade Reims Atila Turan
6%
Lorient Bülent Ucuncu
6%
Toulouse Colin Kazim Richards
6%
Troyes Deniz Hummet
6%
FC Sochaux Serdar Gurler
6%
Montpellier - Guingamp Fatih Atik
4%
Metz Kasim Yildiz
4%
No matching quizzes found
Score Distribution
Percent of People with Each Score
Percentile by Number Answered
Your Score History
You have not taken this quiz